000 00450nam a2200169Ia 4500
999 _c25487
_d25487
003 OSt
005 20210104160942.0
008 190216s9999||||xx |||||||||||||| ||und||
040 _coclc
082 _a910
_bRAJ/H
100 _aRaj, K N
_97841
245 0 _aHanoy Diary /
_cK N Raj
260 _bDeshabhimani,
_aTrivandrum:
_c1976.
300 _a75p
650 _aYathravivaranam
942 _cBK
_2ddc
_h910
_iRAJ/H
_k910
_mRAJ/H